Statistics for Longest MLB Win Streaks

Click here to take the quiz!

General Stats

  • This quiz has been taken 20 times
  • The average score is 7 of 13

Answer Stats

WinsYearAnswer% Correct
181953Yankees
89%
191947Yankees
89%
211935Cubs
74%
222017Indians
68%
202002Athletics
63%
26*1916Giants
58%
181904Giants
58%
19*1906White Sox
58%
21*1880White Stockings
47%
181885White Stockings
47%
18*1891Beaneaters
0%
201884Grays
0%
201884Maroons
0%

Score Distribution

Percentile by Number Answered

Percent of People with Each Score

Your Score History

You have not taken this quiz